00386nam a2200109Ia 4500008004100000082001600041100002000057245004100077260004700118300001000165650010100175211119s9999||||xx |||||||||||||| ||und|| a1.42bKUM-I aKumari, Arunima 0aIntroduction To Research Methodology bAgrotech Publishing AcademyaUdaipurc2008 a224p. acomputer science information & general worksvresearch nethodologyLibrary SciencexGeneral Stack